000 00674nam a2200193 4500
008 020809s1983 us eng
020 _a0882075446
090 _aBF441 Sch5l
100 1 _aSchmidt, Jerry A.
245 1 0 _aDo you hear what you're thinking? :
_bleader's guide/
_cJerry A. Schmidt; leader's guide prepared by Emily Nicholson.
260 _aIllinois :
_bVictor,
_cc1983.
300 _a40 p.
500 _aWith multi-use transparency masters
650 4 _aPsychology, pastoral.
650 4 _aPsycho-therapy
_xReligious aspects.
650 4 _aThought and thinking.
951 _p13486
_x00013459
_oBF441 Sch5l
_j070613111139265
_d2000-12-21
_cGC
999 _c12595
_d12595